Polypus malignus / de Jordi Begueria ; pròleg de Guillem-Jordi Graells
Descripción Física:
70 p. ; 18 cm
Colección:
Biblioteca teatral ; 21
Otros Autores:
Graells, Guillem-Jordi, 1950-
MARC
| LEADER | 00000nam a2200000Ia 4500 | ||
|---|---|---|---|
| 001 | 2106 | ||
| 008 | 160829s1984 xx 000 0 cat d | ||
| 080 | |a L-1-210 | ||
| 100 | |a Begueria, Jordi |9 27912 | ||
| 245 | |a Polypus malignus / de Jordi Begueria ; pròleg de Guillem-Jordi Graells | ||
| 260 | |a Barcelona : |b Institut del Teatre de la Diputació de Barcelona : |b Edicions del Mall, |c 1984 | ||
| 300 | |a 70 p. ; |c 18 cm | ||
| 490 | |a Biblioteca teatral ; 21 | ||
| 700 | |a Graells, Guillem-Jordi, |d 1950- |e escriptor del pròleg |9 28834 | ||
| 710 | 1 | |a Institut del Teatre (Barcelona, Catalunya) |9 52662 | |
| 901 | |a Arxiu | ||
| 942 | |n 1 |2 udc | ||
| 952 | |0 0 |1 0 |4 0 |6 L1210 |7 1 |9 44595 |a Arxiu |b Arxiu |d 2016-12-01 |l 0 |o L-1-210 |p 2106 |r 2016-12-01 00:00:00 |w 2016-12-01 |y ARXIU | ||
| 999 | |c 47176 |d 47176 | ||